Quality circles <a> guide to participation and productivity

Na minha lista:
Detalhes bibliográficos
Autor principal: Crocker, Olga L.
Outros Autores: Chiu, Johnny Sik Leung, Charney, Cyril
Formato: Livro
Idioma:inglês
Publicado em: Toronto Methuen 1984
Tags: Adicionar Tag
Sem tags, seja o primeiro a adicionar uma tag!

MARC

LEADER 00000nam$a2200000$$$4500
001 0146596
005 20240111123228.9
041 0 |a eng 
044 |a CA 
245 1 0 |a Quality circles  |b <a> guide to participation and productivity  |c Olga L. Crocker, Johnny Sik Leung Chiu, Cyril Charney 
264 1 |a Toronto  |b Methuen  |c 1984 
300 |a 294 s. 
100 1 |a Crocker, Olga L. 
700 1 |a Chiu, Johnny Sik Leung 
700 1 |a Charney, Cyril